| 000 | 00648nam a2200217 a 4500 | ||
|---|---|---|---|
| 999 |
_c10709 _d10709 |
||
| 001 | 10709 | ||
| 003 | BD-JhCC | ||
| 005 | 20220811134024.0 | ||
| 008 | 180811s2018 bg |||| |||| 00| 0 BEN d | ||
| 020 | _a9789849341468 | ||
| 035 | _a(BD-JhCC)10709 | ||
| 040 |
_aBD-JhCC _dBD-JhCC |
||
| 041 | _aben | ||
| 082 |
_a891.4435 _bMOS 2018 |
||
| 100 | _aমোশাররফ, মাজহার | ||
| 245 |
_aম-৩৫০ / _cমাজহার মোশাররফ, |
||
| 260 |
_aঢাকা : _bচৈতন্য : _c২০১৮. |
||
| 300 |
_a১৬০ পৃ. : _c১৮ সেমি. |
||
| 650 | _aBangali Short story | ||
| 942 |
_2ddc _cBK _05 |
||